000 00370nam a22001577a 4500
003 OSt
005 20240313110756.0
008 171117b xxu||||| |||| 00| 0 eng d
020 _a9788171948864
040 _cSEROSOFT
100 _aRASTOGI , R.P.
245 _aFINANCIAL MGMT PROB & SOLUTION
260 _aNEW DELHI
_bTAXMAN
_c2011
300 _a559
942 _2ddc
_c01
999 _c40896
_d40896